00538nam a2200169 a 450000500170000000800410001702000180005805000250007610000200010124500950012126000400021630000210025652100070027765000290028465000390031370000160035220140310183333.0060829s19uu xx 00 eng d a0-7619-4222-x aHM 1106 b.Un53 2005 aDragon, William aUnderstanding research in personal relationships:ba text with readings. /cWilliam Dragon aLondon :bSage Publications,c2005. a336 p. :c25 cm. aMC aInterpersonal relations. aInterpersonal relationsxResearch. aDuck, Steve